000 01783nam a2200361 a 4500
001 BRCA_3048
005 20190320204102.0
008 220109s1776----be-a---###---#000-0#fre-u
041 _afre
044 _abe
084 _a353
_b.B3776
_c1776
100 1 _aCervantes Saavedra, Miguel de
_d1547-1616
_9213
245 1 0 _aLes principales adventures de l´Admirable Don Quichotte
_cMiguel de Cervantes Saavedra.
260 _aLiege
_bJean-Francoise Bassompierre
_c1776
300 _aviii, 356 p.
_bil.
_c39 cm.
500 _aContenido : Dedicatoria del librero. Advertencia. Aprobación y permiso. Texto explicativo con láminas
500 _aEdición : Representées en figures par Coypel, Picart le Romain, et autres habiles Maitres, avec les explications des XXXI planches de cette magnifique collection, tirées de l´original espagnol de Miguel de Cervantes
500 _aEdición igual a la impresa en la Haya, en 1746, pero superior, tanto en papel e impresión como en las láminas. Piel; lomeras y tapas decoradas con doradosLúdovik Osterc
500 _aCon ex-libris : Alexander Robert Goldie
500 _aIncluye índice : de láminas (p. 355-356)
500 _aQM276
546 _aTexto en : francés
650 1 4 _aNovela española
_yÉpoca clásica, 1500-1700
_9215
650 1 4 _aLiteratura española
_yÉpoca clásica, 1500-1700
_9216
650 1 4 _aNovela española
_ySiglo XVII
_9217
650 1 4 _aDon Quijote (Personaje ficticio)
_eNovela
_9218
700 1 _aSaint-Martin, Francois Filleau de
_d1632-1685
_eTraductor
_98365
700 1 _aCoypel, Charles-Antone
_d1694-1752
_eIlustrador
_98366
700 1 _aPicard le Romain, Bernard
_d1673-1733
_eIlustrador
_98367
740 0 _aEl Ingenioso Hidalgo Don Quijote de la Mancha
902 _aQFM
942 _2lcc
_cB
999 _c2784
_d2784